[Event "Kemerovo op"]
[Site "Kemerovo"]
[Date "2009.07.24"]
[Round "7"]
[White "Sagitov, Denis"]
[Black "Lapenko, Andrey"]
[Result "1-0"]
[WhiteElo "2081"]
[BlackElo "1707"]
[PlyCount "75"]
[EventDate "2009.07.20"]
[EventType "swiss"]
[EventRounds "9"]
[EventCountry "RUS"]
[SourceTitle "EXT 2022"]
[Source "ChessBase"]
[SourceDate "2021.10.06"]
[SourceVersion "1"]
[SourceVersionDate "2021.10.06"]
[SourceQuality "1"]

1. Nf3 d5 2. g3 c5 3. Bg2 Nc6 4. d4 c4 5. 0-0 Bf5 6. c3 Nf6 7. Bg5 e6 8. Nbd2 Be7 9. Nh4 Bg6 10. Nxg6 hxg6 11. Bxf6 Bxf6 12. e4 Qd7 13. exd5 exd5 14. Re1+ Ne7 15. b3 b5 16. bxc4 bxc4 17. Nxc4 Rc8 18. Ne5 Bxe5 19. Rxe5 f6 20. Re3 Kf7 21. Qf3 Rcd8 22. Rae1 Nf5 23. R3e2 Qc7 24. Rb2 Rhe8 25. Reb1 Kg8 26. Bh3 Nh6 27. Rb7 Qc4 28. Rxa7 Nf7 29. Bf1 Qc8 30. Rbb7 Rf8 31. Qd3 Qg4 32. c4 dxc4 33. Qxc4 Rxd4 34. Rxf7 Kh7 35. Rxg7+ Kh6 36. Rh7+ Kg5 37. Ra5+ f5 38. Qc1+ 1-0

[Event "Kemerovo op"]
[Site "Kemerovo"]
[Date "2009.07.21"]
[Round "2"]
[White "Sagitov, Denis"]
[Black "Riabov, Aleksandr"]
[Result "1-0"]
[WhiteElo "2081"]
[BlackElo "2013"]
[PlyCount "101"]
[EventDate "2009.07.20"]
[EventType "swiss"]
[EventRounds "9"]
[EventCountry "RUS"]
[SourceTitle "EXT 2022"]
[Source "ChessBase"]
[SourceDate "2021.10.06"]
[SourceVersion "1"]
[SourceVersionDate "2021.10.06"]
[SourceQuality "1"]

1. Nf3 Nf6 2. c4 c5 3. g3 d5 4. cxd5 Nxd5 5. Bg2 Nc6 6. 0-0 e5 7. d3 Be7 8. Qb3 Nc7 9. Nc3 0-0 10. Bd2 b6 11. Rac1 Be6 12. Qd1 f6 13. b3 Qd7 14. Re1 Rac8 15. Ne4 Nd4 16. Bc3 Nxf3+ 17. Bxf3 f5 18. Nd2 Bf6 19. Nc4 Bxc4 20. bxc4 Ne6 21. Bd5 Kh8 22. Qc2 Nd4 23. Qb2 Rce8 24. e3 Nc6 25. Qb5 Nb8 26. a4 Qc7 27. a5 Nd7 28. Bc6 Rd8 29. Bd5 e4 30. dxe4 Bxc3 31. Rxc3 Ne5 32. exf5 Rxd5 33. cxd5 Nf3+ 34. Kf1 Nxe1 35. Kxe1 Qe5 36. Qd3 Rxf5 37. d6 Rf8 38. d7 Qf6 39. Rc2 Rd8 40. Rd2 Qc6 41. axb6 axb6 42. e4 c4 43. Qd5 Qc7 44. Qd6 Qxd6 45. Rxd6 h6 46. e5 Kg8 47. e6 Kf8 48. Rxb6 Ke7 49. Kd2 Ra8 50. Kc3 Ra2 51. Rb8 1-0

[Event "Kemerovo op"]
[Site "Kemerovo"]
[Date "2009.07.20"]
[Round "1"]
[White "Kljucharev, Sergey"]
[Black "Sagitov, Denis"]
[Result "1-0"]
[WhiteElo "2397"]
[BlackElo "2081"]
[PlyCount "74"]
[EventDate "2009.07.20"]
[EventType "swiss"]
[EventRounds "9"]
[EventCountry "RUS"]
[SourceTitle "EXT 2022"]
[Source "ChessBase"]
[SourceDate "2021.10.06"]
[SourceVersion "1"]
[SourceVersionDate "2021.10.06"]
[SourceQuality "1"]

1. Nf3 d6 2. d4 Nf6 3. c4 e6 4. Nc3 Be7 5. e4 a6 6. Be2 c5 7. 0-0 cxd4 8. Nxd4 Nbd7 9. Be3 Qc7 10. Rc1 b6 11. f3 Bb7 12. b4 Rc8 13. Qb3 h5 14. Rfd1 h4 15. Nd5 exd5 16. cxd5 Qd8 17. Nc6 Bxc6 18. dxc6 Nb8 19. c7 Rxc7 20. Bxb6 Rxc1 21. Bxd8 Rxd1+ 22. Qxd1 Kxd8 23. e5 Ne8 24. Qd5 Nc7 25. Qb7 Kd7 26. f4 dxe5 27. Bg4+ Kd6 28. fxe5+ Kxe5 29. Qxc7+ Bd6 30. Qc3+ Kd5 31. Qd3+ Ke5 32. Qf5+ Kd4 33. Bf3 Rd8 34. Qd5+ Kc3 35. Qb3+ Kd2 36. Kf2 f5 37. Be2 g5 1-0